Lindisfarne Castle, Holy Island [for sale by private treaty] (Record no. 116520)

MARC details
000 -LEADER
fixed length control field 00760cam a22002055a 4500
001 - CONTROL NUMBER
control field L140897
008 - FIXED-LENGTH DATA ELEMENTS--GENERAL INFORMATION
fixed length control field 071017s1920 xxk eng u
035 ## - SYSTEM CONTROL NUMBER
System control number (Sirsi) u140897
041 0# - LANGUAGE CODE
Language code of text/sound track or separate title eng
110 2# - MAIN ENTRY--CORPORATE NAME
Corporate name or jurisdiction name as entry element Knight Frank and Rutley
9 (RLIN) 1990
245 00 - TITLE STATEMENT
Title Lindisfarne Castle, Holy Island [for sale by private treaty]
260 ## - PUBLICATION, DISTRIBUTION, ETC.
Place of publication, distribution, etc. S.l.
Name of publisher, distributor, etc. s.n.
Date of publication, distribution, etc. [1920]
300 ## - PHYSICAL DESCRIPTION
Extent 55 p.
Other physical details ill.,
Dimensions 37 cm.
340 ## - PHYSICAL MEDIUM
Material base and configuration Printed
351 ## - ORGANIZATION AND ARRANGEMENT OF MATERIALS
Hierarchical level Single item
500 ## - GENERAL NOTE
General note Sales particulars also include a reprint of a book by P. Anderson Graham called 'Lindisfarne or Holy Island : its cathedral, priory and castle, A.D. 635-1920' dated 1920.
651 4# - SUBJECT ADDED ENTRY--GEOGRAPHIC NAME
Geographic name Northumberland
690 ## - LOCAL SUBJECT ADDED ENTRY--TOPICAL TERM (OCLC, RLIN)
Topical term or geographic name as entry element PROPERTY-PROPERTY ACQUISITION AND DISPOSAL-ACQUISITION AND DISPOSAL AT AUCTION
942 ## - ADDED ENTRY ELEMENTS (KOHA)
Suppress in OPAC 0
Holdings
Withdrawn status Lost status Source of classification or shelving scheme Damaged status Not for loan Home library Current library Shelving location Date acquired Total Checkouts Full call number Barcode Date last seen Copy number Price effective from Koha item type
    Dewey Decimal Classification     Historic collection Historic collection Historic collection 17/10/2007   MAP CABINET DRAWER 6 140897-2001 06/08/2019 1 06/08/2019 Archive